5HLuxD.jpg

KING HENRY VIII SENIOR AND PRIMARY SCHOOL LIBRARY OPAC

Mary Poppins / (Record no. 1720)

000 -LEADER
fixed length control field 01682aam a22004091i 4500
001 - CONTROL NUMBER
control field 018902392
003 - CONTROL NUMBER IDENTIFIER
control field Uk
005 - DATE AND TIME OF LATEST TRANSACTION
control field 20230120144451.0
006 - FIXED-LENGTH DATA ELEMENTS--ADDITIONAL MATERIAL CHARACTERISTICS
fixed length control field m || d |
007 - PHYSICAL DESCRIPTION FIXED FIELD--GENERAL INFORMATION
fixed length control field cr |||||||||||
008 - FIXED-LENGTH DATA ELEMENTS--GENERAL INFORMATION
fixed length control field 160616r20161934enka jo 000 1 eng d
015 ## - NATIONAL BIBLIOGRAPHY NUMBER
National bibliography number GBB8B1189
Source bnb
020 ## - INTERNATIONAL STANDARD BOOK NUMBER
Qualifying information (paperback)
International Standard Book Number 9780007286416
037 ## - SOURCE OF ACQUISITION
Stock number uk.co.harpercollins.057012
Source of stock number/acquisition Ingram Content Group
040 ## - CATALOGING SOURCE
Original cataloging agency NLE
Language of cataloging eng
Transcribing agency NLE
Modifying agency OCLCO
-- OCLCA
-- OCLCF
-- Uk
-- KH8
Description conventions rda
042 ## - AUTHENTICATION CODE
Authentication code ukblsr
082 04 - DEWEY DECIMAL CLASSIFICATION NUMBER
Classification number 823.912 TRA
Edition number 23
100 1# - MAIN ENTRY--PERSONAL NAME
Personal name Travers, P. L.
Fuller form of name (Pamela Lyndon),
Dates associated with a name 1899-1996,
Relator term author.
245 10 - TITLE STATEMENT
Title Mary Poppins /
Statement of responsibility, etc. P.L. Travers ; illustrated by Mary Shepard.
264 #1 - PRODUCTION, PUBLICATION, DISTRIBUTION, MANUFACTURE, AND COPYRIGHT NOTICE
Place of production, publication, distribution, manufacture London :
Name of producer, publisher, distributor, manufacturer HarperCollins Children's Books,
Date of production, publication, distribution, manufacture, or copyright notice [2016?].
264 #4 - PRODUCTION, PUBLICATION, DISTRIBUTION, MANUFACTURE, AND COPYRIGHT NOTICE
Date of production, publication, distribution, manufacture, or copyright notice ©1934
300 ## - PHYSICAL DESCRIPTION
Extent 172, [18] pages :
Other physical details illustrations.
336 ## - CONTENT TYPE
Content type term text
Source rdacontent
337 ## - MEDIA TYPE
Media type term computer
Source rdamedia
338 ## - CARRIER TYPE
Carrier type term online resource
Source rdacarrier
490 0# - SERIES STATEMENT
Series statement Collins modern classics
500 ## - GENERAL NOTE
General note Originally published in print: 1934.
600 10 - SUBJECT ADDED ENTRY--PERSONAL NAME
Personal name Poppins, Mary
Titles and other words associated with a name (Fictitious character)
Form subdivision Juvenile fiction.
600 17 - SUBJECT ADDED ENTRY--PERSONAL NAME
Personal name Poppins, Mary
Titles and other words associated with a name (Fictitious character)
Source of heading or term fast
Authority record control number or standard number (OCoLC)fst01071334
650 #7 - SUBJECT ADDED ENTRY--TOPICAL TERM
Topical term or geographic name entry element Children’s, young adult and educational / Children’s and young adult fiction and true stories / Classic fiction (Children’s/YA)
Source of heading or term bicssc
650 #7 - SUBJECT ADDED ENTRY--TOPICAL TERM
Topical term or geographic name entry element Children's, young adult and educational / Children's and young adult fiction and true stories / Classic fiction (Children's/YA)
Source of heading or term bicssc
650 #7 - SUBJECT ADDED ENTRY--TOPICAL TERM
Topical term or geographic name entry element Fiction
General subdivision Classics.
Source of heading or term bisacsh
655 #7 - INDEX TERM--GENRE/FORM
Genre/form data or focus term Fiction.
Source of term fast
Authority record control number or standard number (OCoLC)fst01423787
655 #7 - INDEX TERM--GENRE/FORM
Genre/form data or focus term Juvenile works.
Source of term fast
Authority record control number or standard number (OCoLC)fst01411637
700 1# - ADDED ENTRY--PERSONAL NAME
Personal name Shepard, Mary,
Dates associated with a name 1909-2000,
Relator term illustrator.
942 ## - ADDED ENTRY ELEMENTS (KOHA)
Source of classification or shelving scheme
Koha item type Books - Non Ficton
Holdings
Withdrawn status Lost status Source of classification or shelving scheme Damaged status Not for loan Collection code Permanent Location Current Location Shelving location Date acquired Total Checkouts Full call number Barcode Date last seen Date last checked out Price effective from Koha item type
          Non-Fiction KH8 Primary School Library KH8 Primary School Library Non Fiction 2023-01-20 7 823.912 TRA KHPL000003478 2025-11-12 2025-11-05 2023-01-20 Books - Non Ficton

Powered By KH8 IT Dept